Intermediate accounting /

書誌詳細
第一著者: Kieso, Donald E.
その他の著者: Weygandt, Jerry J., Warfield,Terry D.
フォーマット: 図書
言語:English
出版事項: New York : Wiley, c2007.
版:12th ed.
主題:
Classic Catalogue: View this record in Classic Catalogue
LEADER 01105nam a2200277 a 4500
001 2125225
008 090603s2007 nyua bi 000 0 eng d
010 |a  97024249  
020 |a 9780470041697 
020 |a 0470041692 
040 |a DLC  |c DLC  |d DLC 
082 0 0 |a 657/.044  |2 22 
100 1 |a Kieso, Donald E. 
245 1 0 |a Intermediate accounting /  |c Donald E. Kieso, Jerry J. Weygandt. 
250 |a 12th ed. 
260 |a New York :  |b Wiley,  |c c2007. 
300 |a xxxii, 1371 p. :  |b col. ill. ;  |c 29 cm. 
504 |a Includes bibliographical references and index. 
541 1 |e 00015505 
650 0 |a Accounting. 
700 1 |a Weygandt, Jerry J. 
700 1 |a Warfield,Terry D. 
852 4 |a Ayesha Abed Library  |j General Shelf. 
999 |c 9061  |d 9061 
952 |0 0  |1 0  |2 ddc  |4 0  |6 657_044000000000000_KIE_2007  |7 0  |9 11219  |a BRACUL  |b BRACUL  |c GEN  |d 2010-06-23  |l 19  |m 116  |o 657.044 KIE  |p 3010015505  |r 2025-10-12  |s 2025-09-14  |t 1  |w 2010-06-23  |y BK 
952 |0 0  |1 0  |2 ddc  |4 0  |6 657_000000000000000__044_KIE_2007  |7 0  |9 11220  |a BRACUL  |b BRACUL  |c GEN  |d 2010-06-23  |l 18  |m 163  |o 657.044 KIE  |p 3010015504  |r 2022-01-11  |s 2019-10-13  |t 2  |w 2010-06-23  |y BK